000 00454nmm a2200157Ia 4500
008 251105s9999||||xx |||||||||||||||||und||
041 _apor
100 _aLopetegi, J.A.
245 0 _aDesenhando por humor à arte como o Pirata
264 _a[Madrid, España] :
_bEditorial Saure,
_c2011
300 _a66 páginas
490 _aPirate
650 _aGraphic novels (Comics)
856 _uhttps://public.digitaliapublishing.com/a/60182
942 _cCF
999 _c100464
_d100464